000
00292nam a22001337a 4500
003
OSt
008
221102b |||||||| |||| 00| 0 eng d
041
_a
mal
082
_a
923.6
_b
GOP/RA
245
_a
Raveendropaharam
260
_a
Delhi
_b
Sahithya Academy
_c
1962
300
_a
177
942
_c
BK
999
_c
17569
_d
17569